000 00812nam a22002657a 4500
001 20297
003 UA-OsUOA
005 20211128203736.0
007 ta
008 20031020b un ||||| |||| 00| 0 ukr d
020 _a5-325-00442-5
040 _aUA-OsUOA
_bfre
_cUA-OsUOA
_dUA-OsUOA
041 _afre
044 _aFR
080 _a811.133.1(075)
090 _a811.133.1(075)
_bЧ-46
100 _aЧередниченко О. І.
245 _aТеорія і практика перекладу. Французька мова
_bпідручник
260 _aК.
_bЛибідь
_c1995
300 _a320 с.
650 7 _a8 Мовознавство. Художня література. Літературознавство
_2UDC
700 _aКоваль Я. Г.
942 _cBK
_2udc
955 _a2
999 _c306473
_d306473